000 01078nam a22002777a 4500
005 20240530110456.0
008 150604s2009 ua ad g b 000 0 ara d
017 _a2007/13077
_bمصر . دار الكتب المصرية
020 _a9774113594
040 _aEG-CaGPL
082 0 4 _221
_a307.1\
_bا هـ
100 0 _aالسيد على شتا
245 1 0 _aهجرة العقول العربية و التخطيط لاستقطابها فى الوطن العربى /
_cالسيد على شتا
250 _aط1
260 _aالقاهرة :
_bالمكتبة المصرية للنشر و التوزيع ،
_c2009 .
300 _a148 ص :
_bايض ؛
_c24 سم .
504 _aيشتمل على ارجاعات ببليوجرافية
650 0 4 _aالتغير الاجتماعى
650 0 4 _aالتنمية الاجتماعية
650 0 4 _aالتطور الاجتماعى
650 0 4 _aالانثروبولوجيا
650 0 4 _aالعلوم الاجتماعية
650 0 4 _aالهجرة
942 _2ddc
_cBK
999 _c61363
_d61363